Proslavery : a history of the defense of slavery in America, 1701-1840 /

Bibliographic Details
Main Author: Tise, Larry E.
Format: Book
Language:English
Published: Athens : University of Georgia Press, [1987]
Subjects:

MARC

Tag First Indicator Second Indicator Subfields
LEADER 00000cam a2200000 a 4500
001 in00000015604
005 20151007052543.0
008 860902s1987 gaua b s00110 eng
010 |a  86014671  
020 |a 0820309273 (alk. paper) 
035 |a (OCoLC)14241422 
035 |9 AAA8276AM 
040 |a DLC  |c DLC  |d TXA  |d UtOrBLW 
043 |a n-us--- 
049 |a TXAM  |c [A11464002] 
050 0 0 |a E337.5  |b .T57 1987 
082 0 |a 973/.0496/0072  |2 19 
100 1 |a Tise, Larry E. 
245 1 0 |a Proslavery :  |b a history of the defense of slavery in America, 1701-1840 /  |c Larry E. Tise. 
264 1 |a Athens :  |b University of Georgia Press,  |c [1987] 
264 4 |c ©1987 
300 |a xix, 501 pages :  |b illustrations ;  |c 25 cm. 
336 |a text  |b txt  |2 rdacontent 
337 |a unmediated  |b n  |2 rdamedia 
338 |a volume  |b nc  |2 rdacarrier 
500 |a Revision of thesis (Ph. D.)--University of North Carolina, 1974. 
504 |a Bibliography: pages 427-470. 
500 |a Includes index. 
650 0 |a Slavery  |z United States  |x Historiography. 
999 |a MARS 
999 f f |s b8d512ad-71b0-3cb7-89a8-58bcae263591  |i 0d89b0bd-6729-3eb3-adfa-cf68edb68d7b  |t 0 
952 f f |p normal  |a Texas A&M University  |b College Station  |c Sterling C. Evans Library  |s Evans pres repr  |d Evans: Preservation Repair (see AskUs desk for assistance)  |t 0  |e E337.5 T57 1987  |h Library of Congress classification  |i unmediated -- volume  |m A14811464002 
998 f f |a E337.5 T57 1987  |t 0  |l Evans: Library Stacks